| 000 | 01234nam a2200325 i 4500 | ||
|---|---|---|---|
| 003 | EG-GICUC | ||
| 005 | 20260206053143.0 | ||
| 008 | 260112s1986 |||fr|||| 00| 0 d | ||
| 040 |
_a EG-GICUC _bara _c EG-GICUC _d EG-GICUC _erda |
||
| 041 | 0 | _aAra | |
| 082 | 0 | 4 |
_221 _a343.91 _bأ ح . ن |
| 092 | 0 | 4 | _221 |
| 099 | _aLaw1 10 343.91 أ ح . ن 1986 | ||
| 100 | 0 |
_aأحمد فتحى بهنسى _eمؤلف. |
|
| 245 | 1 | 0 |
_aنظريات فى الفقه الجنائى الإسلامى : _bدراسة فقهية مقارنة / _cتأليف الدكتور أحمد فتحى بهنسى. |
| 250 | _aالطبعة الرابعة | ||
| 264 | 1 |
_aبيروت : _aالقاهرة : _bدار الشروق، _c1986. |
|
| 300 |
_a232 صفحة؛ _c24 سم. |
||
| 336 |
_2rda content _atext |
||
| 337 |
_2rda media _aComputer |
||
| 338 |
_2rda carrier _aOnline Resource |
||
| 504 | _a ببليوجرافيا: صفحات223-226. | ||
| 546 | _aالنص باللغة العربية | ||
| 650 | 1 |
_aالنظام الجنائى الإسلامى _2qrmak |
|
| 650 | 1 |
_aالقانون الجنائى _2qrmak |
|
| 651 | 1 | _2qrmak | |
| 856 | 4 | 0 | _uhttps://fll.law.cu.edu.eg/fulltext/bks/B10-07766.pdf |
| 905 |
_a54 _eYara |
||
| 942 |
_2ddc _cBK _e21 _n0 |
||
| 999 |
_c56498 _d56498 |
||